[Event "I Torneo Città di Biella"]
[Site "Biella ITA"]
[Date "2010.09.25"]
[Round "3.42"]
[White "Gerosa, Davide"]
[Black "Redamante, Marzio"]
[Result "1/2-1/2"]
[WhiteElo "1542"]
[BlackElo "1440"]
[PlyCount "71"]
[EventDate "2010.09.24"]

1. e4 e5 2. Nf3 d6 3. Nc3 Nf6 4. Bc4 Be7 5. O-O c6 6. Ng5 O-O 7. Bxf7+ Rxf7 8.
Nxf7 Kxf7 9. h3 Be6 10. f4 exf4 11. Rxf4 Kg8 12. d3 Nbd7 13. Be3 Qe8 14. d4 Qg6
15. Qf3 Nh5 16. Rf5 Bxf5 17. exf5 Qf7 18. Ne4 Rf8 19. g4 Nhf6 20. Ng5 Qd5 21.
Qf4 c5 22. Ne6 Rf7 23. Ng5 Rf8 24. Ne6 Rc8 25. Rd1 c4 26. c3 Qe4 27. Qg5 Bf8
28. Re1 Re8 29. Qh4 Qc2 30. g5 Nd5 31. Nxf8 Nxe3 32. Qxh7+ Kxf8 33. Qh8+ Kf7
34. Qh5+ g6 35. Qxg6+ Kf8 36. Qh6+ 1/2-1/2